00574 2200229 4500001002100000005001700021008004100038035002400079082001100103090001800114100001400132245004200146260003700188300001900225500002700244650001400271850001500285980001100300985000600311986001200317999001500329YOGYA-0209000001462320090227022432.0 ind  0010-020900000014623 a321.82 a321.82bAmi D aAMIN, S.M aDemokrasi selayang pandangcS.M. Amin aJakartabPraditya Paramitac1976 a101 hlmc21 cm aBibliogarfi : hlm. 100 aDemokrasi aYOPDYOG(B) a300705 a1 apkrtrev aP000001649